000 00765nam a2200193 a 4500
008 120416s1985 ||||||||||||||||| || u
020 _a0070574197
050 _aQA 303 Sim
100 _aSimmons, George F
245 1 0 _aCalculus with analytic geometry
260 _aNew York
_bMcGraw-Hill
_c1985
300 _axxi, 950p. : ill
350 _a0.00
650 0 _aMATHEMATICS--HANDBOOKS, MANUALS, ETC
650 _aGEOMETRY, ANALYTIC
650 0 _aCALCULUS
995 _aMAIN LIBRARY OPEN ACCESS
_D0.00
_e721498
_FCBU-MAIN LIBRARY (Kitwe)
_H1
_I48.95
_jQA 303 Sim
_M1
_ULOST
_y011837
_ZMain Library Open Access Collection
995 _aBINDERY (DAMAGED)
_D0.00
_e721497
_FCBU-MAIN LIBRARY (Kitwe)
_H2
_I48.95
_jQA 303 Sim
_M2
_UDAMAGED
_y011836
_ZMain Library Open Access Collection
999 _c77999
_d77999